000
00246nam a2200097Ia 4500
008
230915s9999 xx 000 0 und d
050
_a
QA152.2.A44.C.8
100
_a
CARNEGIE LEARNING UNIVERSITY
245
0
_a
ALGEBRA 1: ASSIGNMENTS
942
_c
BK
999
_c
187877
_d
187877